000 00667nam a2200265Ia 4500
005 20260121172802.0
008 008 260114s9999 xx 000 0 eng d
020 _a9789811653285
037 _aEBOOK
040 _aCRL
040 _beng
040 _cCRL
041 _2eng
041 _aeng
084 _qCRL
100 _aJiajun Wang
_91092707
245 0 _aAdvanced X-ray Imaging of Electrochemical Energy Materials and Devices
260 _bSpringer
260 _bSpringer
260 _c2021
856 _uhttps://link.springer.com/openurl?genre=book&isbn=978-981-16-5328-5
942 _cEBOOK
999 _c1658447
_d1658447